Literature by Title Characters Quiz Stats

Quiz Updated Feb 11, 2016

Challenge
Share
Tweet
Embed
Score 0/22 Timer 07:00
2 Plays Today
Characters Literary Work % Correct
Bilbo BagginsThe Hobbit
95.6%
QuasimodoThe Hunchback of Notre Dame
94.5%
Vito CorleoneThe Godfather
84.6%
Meg, Jo, Beth, and Amy MarchLittle Women
83.4%
Athos, Porthos, and AramisThe Three Musketeers
80.6%
James GatzThe Great Gatsby
76.5%
Willy LomanDeath of a Salesman
63%
SantiagoThe Old Man and the Sea
61%
Patrick BatemanAmerican Psycho
55.5%
Harry Potter and Severus SnapeHarry Potter and the Half Blood Prince
53.5%
Oscar DiggsThe Wizard of Oz
49.6%
Characters Literary Work % Correct
Fyodor, Dmitri, and Ivan K.The Brothers Karamazov
48.7%
ChingachgookThe Last of the Mohicans
46.9%
ButtercupThe Princess Bride
42.4%
OffredThe Handmaid's Tale
34%
ChristianThe Pilgrim's Progress
26.2%
GriffinThe Invisible Man
24.9%
Mistresses Ford and PageThe Merry Wives of Windsor
24.1%
Oliver MellorsLady Chatterley's Lover
23.6%
Chiyo SakamotoMemoirs of a Geisha
18.5%
László AlmásyThe English Patient
16.4%
Valentine Michael SmithStranger in a Strange Land
14.9%

You're not logged in!

Compare scores with friends on all Sporcle quizzes.
Sign Up with Email
OR
Log In

You Might Also Like...

Show Comments

Extras

Top Quizzes Today


Score Distribution

Your Account Isn't Verified!

In order to create a playlist on Sporcle, you need to verify the email address you used during registration. Go to your Sporcle Settings to finish the process.